เปลี่ยนเป็นภาษาไทย

Change to English
 แสดงรายละเอียดบรรณานุกรม
  กลับหน้าหลัก

Brief Record : Get Marc (ISO 2709) : E-mail record : QR code < ปิดหน้าต่าง
mysqli: Table './ulib62015/stat_globaluid' is marked as crashed and should be repaired
select id from stat_globaluid where statuid='20260517112841_590' 
mysqli: Table './ulib62015/stat_globaluid' is marked as crashed and should be repaired
DELETE FROM stat_globaluid
			WHERE id NOT IN (
			  SELECT id
			  FROM (
				SELECT id
				FROM stat_globaluid
				ORDER BY id DESC
				LIMIT 100
			  ) foo
			); 
mysqli: Table './ulib62015/stat_globaluid' is marked as crashed and should be repaired
insert into stat_globaluid set
		statuid='20260517112841_590',
		dt='1778992121',
		phpself='/ULIB62015/dublinfull.php',
		agent='Mozilla/5.0 AppleWebKit/537.36 (KHTML, like Gecko; compatible; ClaudeBot/1.0; +claudebot@anthropic.com)',
		yea='2026',
		mon='5',
		dat='17',
		ip='216.73.216.45'
		
		
mysqli: Table './ulib62015/stathist_viewbib_bib_type' is marked as crashed and should be repaired
insert into stathist_viewbib_bib_type set 
		dat='17' ,
		 mon='05' ,
		  yea='2026' ,
			 statuid='20260517112841_590' ,
			 head='13399107820' ,
			 foot='marc' ,
			 dt='1778992121' 
		
LEADER : 00000nam 2200000uu 4500
001    13399107820
003     ULIB
008    101221s||||||||th 000 0 tha d
020    0-397-44836-8 (hbk.)
041 0  ENG
050 14 RC280.S5^bV857
100 1  du Vivier, Anthony
245 10 Atlas of skin cancer /^cAnathony du Vivier ; advisor onpathology Philip H. Mckee
260    Philadelphia, Pa. :^bGower Medical Pub.,^cc1991
300    v, 235, [11] p. :^bcol. ill. ;^c26 cm.
504    Includes index
650  0 SKIN^xCANCER^xHISTOPATHOLOGY^xATLASES
650  0 SKIN^xATLASES
700 1  Mckee, Phillip H.
945    ^p0^l0^i014239
999    ^aบรรณารักษ์
รายการนี้ยังไม่มีแท็ก
คุณยังไม่ได้ล็อกอิน คุณสามารถมีกิจกรรมร่วมกับเว็บไซต์ได้ แต่ต้องล็อกอินก่อน ::
  ล็อกอิน
  One Stop Service : ศูนย์ให้บริการแบบเบ็ดเสร็จ   จัดการหนังสือโปรด   แจ้งรายการบรรณานุกรมผิดพลาด
ลำดับที่ ประเภท เลขเรียก/บาร์โค้ด สถานที่ สถานะ
1. หนังสือ
หนังสือ
RC280.S5 V857  
  Barcode: 014239
หนังสือทั่วไป บนชั้น
  ขอยืม

BibComment


ยังไม่เคยถูกคอมเมนท์

คอมเมนท์ทรัพยากรรายการนี้
  คอมเมนท์: Atlas of skin can..
Bib 13399107820

 
 
 

 Union Library Management : ULibM
Copyright 2026. All Rights Reserved.